000 00757cam a2200253 i 4500
008
049 _aMAIN
090 _aRL95
_bOKU
100 1 _aOkun, Milton R.
245 1 0 _aGross and microscopic pathology of the skin /
_cMilton R. Okun, Leon M. Edelstein.
250 _a1st ed.
260 _aBoston :
_bDermatopathology Foundation Press,
_cc1976.
300 _axviii, 559 p. :
_bill. ;
_c29 cm.
500 _aIncludes index.
504 _aIncludes bibliographical references.
650 2 _aSkin Diseases.
650 2 _aSkin Neoplasms.
700 1 _aEdelstein, Leon M.
907 _a.b1039395x
_b29-10-18
_c26-10-18
003
005 20230123141129.0
040 _cNUST
942 _cBOOKS
_kRL95
_mOKU
999 _c168198
_d168198